OPAC Home

The Quest : All Ceylon Scoutcraft Camp Souvenior (Record no. 144009)

MARC details
000 -LEADER
fixed length control field 00423nam a2200157 4500
003 - CONTROL NUMBER IDENTIFIER
control field LK-CoDNM
005 - DATE AND TIME OF LATEST TRANSACTION
control field 20231211113355.0
008 - FIXED-LENGTH DATA ELEMENTS--GENERAL INFORMATION
fixed length control field 231211b |||||||| |||| 00| 0 eng d
040 ## - CATALOGING SOURCE
Original cataloging agency LK-CoDNM
Modifying agency LK-CoDNM
Description conventions LK-CoDNM
041 ## - LANGUAGE CODE
Language code of text/sound track or separate title English
942 ## - ADDED ENTRY ELEMENTS (KOHA)
Suppress in OPAC 0
Koha item type Books
245 ## - TITLE STATEMENT
Title The Quest : All Ceylon Scoutcraft Camp Souvenior
246 ## - VARYING FORM OF TITLE
Title proper/short title The Quest : All Ceylon Scoutcraft Camp Souvenior
260 ## - PUBLICATION, DISTRIBUTION, ETC. (IMPRINT)
Date of publication, distribution, etc. 1932
300 ## - PHYSICAL DESCRIPTION
Extent 18p;27cm
Holdings
Withdrawn status Lost status Damaged status Not for loan Permanent Location Current Location Date acquired Full call number Barcode Koha item type
    Damaged   Library National Museum Colombo - Sri Lanka Library National Museum Colombo - Sri Lanka 2023-12-11 50I 6 OB655 9 Books
Copyright © 2023 Department of National Museum, Colombo 07, Sri Lanka Funded by UNESCO IFAP UNESCO